000 02191nam a2200313 i 4500
003 CSPC
005 20250206133416.0
008 250206s2023 ph b 000 0 eng d
020 _a9789715640824
040 _aCSPC
_beng
_cCSPC
_erda
050 0 4 _aHC79.I55
_bC745 2023
082 0 4 _a338.47004
_bC869
245 0 0 _aCritical issues in the Philippine digital economy /
_cedited by Connie G. Bayudan-Dacuycuy and Ramonette B. Serafica.
264 1 _aQuezon City :
_bPhilippine Institute for Development Studies ;
_bInternational Development Research Centre,
_c2023.
300 _axxxi, 467 pages ;
_c23 cm.
336 _2rdacontent
_atext
337 _2rdamedia
_aunmediated
338 _2rdacarrier
_avolume
504 _aIncludes bibliographical references.
505 0 _aCritical issues in the Philippine digital economy -- Understanding digital platforms: opportunities, risks, and government responses -- Regulatory reforms and the development of the Philippine digital economy -- Navigating the fintech industry landscape: seizing opportunities and addressing weaknesses -- Exploring policies and initiatives for online workers in the Philippines -- Transforming Philippine cities to smart cities: policy issues and ways forward -- Decent work in crowdwork: gendered takeaways from an online survey in the Philippines -- DigitALL for her: futurecasting platform work for women in the rural Philippines -- Filipino's access and exposure to ICT: a general overview based on the national ICT household survey -- Bridging gaps, breaking barriers, and building capacities in online marketplaces -- E-commerce adoption of women-led MSMEs in Metro Manila: challenges, opportunities, and policy directions.
650 4 _aInformation technology
_zPhilippines
_xEconomic aspects.
650 4 _aInformation technology
_zPhilippines
_xSocial aspects.
650 4 _aBusiness enterprises
_zPhilippines
_xTechnological innovations.
650 4 _aElectronic commerce
_zPhilippines.
700 1 _aBayudan-Dacuycuy, Connie G.,
_eeditor.
700 1 _aSerafica, Ramonette B.,
_eeditor.
942 _2ddc
_n0
_cBK
_h338.47004
_iC869
_kFIL
_m2023
999 _c28757
_d28757